| 000 | 00352nam a2200121Ia 4500 | ||
|---|---|---|---|
| 008 | 240731s9999 xx 000 0 und d | ||
| 022 | _a1813-4424 | ||
| 245 | 0 | _aSAHARA-J: Journal of Social Aspects of HIV/AIDS : An Open Access Journal | |
| 260 | _bTaylor & Francis | ||
| 856 | _uhttps://www.tandfonline.com/loi/rsah20 | ||
| 942 | _2ddc | ||
| 942 | _cTFEJ | ||
| 999 |
_c79286 _d79286 |
||
| 945 |
_a1 _bMadushi Gamage _c1 _dMadushi Gamage |
||